Normal view
MARC view
- القدس-تاريخ
Entry Topical Term
001 - CONTROL NUMBER
- control field: 48479
003 - CONTROL NUMBER IDENTIFIER
- control field: JO-AjAnu
005 - DATE AND TIME OF LATEST TRANSACTION
- control field: 20230606082008.0
008 - FIXED-LENGTH DATA ELEMENTS
- fixed length control field: 230606|| aca||aabn | a|a d
040 ## - CATALOGING SOURCE
- Original cataloging agency: JO-AjAnu
- Transcribing agency: JO-AjAnu
150 ## - HEADING--TOPICAL TERM
- Topical term or geographic name entry element: القدس-تاريخ
670 ## - SOURCE DATA FOUND
- Source citation: Work cat.: (JO-AjAnu)24801: جامعة الزرقاء الاهلية؛ تحرير محمود، شفيق جاسر, author 48478, القدس في الخطاب المعاصر: بحوث المؤتمر الأول لكلية الاداب بجامعة الزرقاء الأهلية 12-13 ايار 1998م